| 000 | 01866nam a2200205 4500 | ||
|---|---|---|---|
| 999 |
_c1455 _d1455 |
||
| 001 | 1894 | ||
| 005 | 20210210132514.0 | ||
| 008 | 210210b ||||| |||| 00| 0 eng d | ||
| 090 | 0 | 0 | _a954.98 S79711third 2011 |
| 100 | 0 | 0 | _aThinley, Lyonchhen Jigme Yoeser. |
| 240 | _aའབྲུག་གི་སྤྱི་ཚོགས་དང་པའི་ཚོགས་ཐེངས་བདུན་པའི་ནང་རྒྱལ་ཁམས་ཀྱི་གནས་སྟངས་སྐོར་ལས་མི་རྗེ་བློན་ཆེན་འཇིགས་མེད་འོད་ཟེར་འཕྲིན་ལས་མཆོག་གིས་ཕུལ་བའི་ལོ་བསྟར་སྙན་ཞུ་ཐེངས་གསུམ་པ། | ||
| 245 | 0 | 0 |
_aའབྲུག་གི་སྤྱི་ཚོགས་དང་པའི་ཚོགས་ཐེངས་བདུན་པའི་ནང་རྒྱལ་ཁམས་ཀྱི་གནས་སྟངས་སྐོར་ལས་མི་རྗེ་བློན་ཆེན་འཇིགས་མེད་འོད་ཟེར་འཕྲིན་ལས་མཆོག་གིས་ཕུལ་བའི་ལོ་བསྟར་སྙན་ཞུ་ཐེངས་གསུམ་པ། _cLyonchhen Jigme Yoeser Thinley. |
| 246 | _a[Third annual report of Lyonchhen Jigme Yoeser Thinley to the seventh session of the first Parliament on the state of the nation]. | ||
| 260 | 0 | 0 |
_aThimphu : _bCabinet Secretariat, _c2011. |
| 300 | 0 | 0 | _a124 p. |
| 500 | 0 | 0 | _a""1st July 2011"" |
| 650 | 0 | 0 | _aBhutan. |
| 856 |
_uhttp://www.cabinet.gov.bt/annual_report/Third%20anual%20nation%20Report.pdf _y Druk gi che-cha dhang pay chog-tha den pay ngyn gel-kham ki nga-tang kor lay mezig Lyonchhen Jigme Yoeser Thinley chog gi phel wai lho-tar ngen-zu tengsum-pa |
||
| 942 |
_2ddc _cDZONGKHA |
||